000 00711nam a22002297a 4500
005 20170124110236.0
010 _aA-998964
020 _c150.00
_a9788120314016
035 _aA-998964
037 _bCen Lib/Ret
040 _aDPL
_bEN
082 _a650.14
_bIRE
100 _aIreland, Susan
_942016
245 _aThe complete idiot's guide to the perfect resume /
_cby Susan Ireland
260 _aNew Delhi
_bPrintice-Hall of India
_c1996
270 _bNew Delhi
_aM-97, Cannaught Circus
_e110001
300 _axiv, 288p. :
_c30m(pbk)
_bill.
500 _aIncludes index
650 _aApplications for positions
_940872
650 _aJob hunting
_940871
942 _2ddc
_cEN
_h650.14
_mIRE
999 _c134865
_d134865